| 000 | nam a22 7a 4500 | ||
|---|---|---|---|
| 999 |
_c329559 _d329559 |
||
| 003 | NUST | ||
| 005 | 20170615112428.0 | ||
| 008 | 170514b xxu||||| |||| 00| 0 eng d | ||
| 020 | _a9799693516387 | ||
| 040 | _cNUST | ||
| 082 |
_a891.4392 _bAHM |
||
| 100 |
_aAhmad, Ashfaq _9677 |
||
| 245 |
_aTaahli thallay/ _cby Ashfaq Ahmad |
||
| 260 |
_aLahore: _bSang-e- Meel Publications, _c2005 |
||
| 300 | _a424 p. | ||
| 500 | _aDrama | ||
| 650 |
_aUrdu Literature _9347 |
||
| 880 |
_6100-01\(3\r _aاشفاق احمد |
||
| 880 |
_6245-02\(3\r _aٹاہلی تھلے _cاشفاق احمد |
||
| 880 |
_6260-03\(3\r _aلاہور: _bسنگ میل پبلی کیشنز، _c2005 |
||
| 942 |
_2ddc _cBK |
||